European Championship Group Stage Goalscorers 2004 - Statistics

General Stats
  • This quiz has been taken 4 times
  • The average score is 18 of 64
Answer Stats
Group Nation Score Player % Correct
A Portugal 2-1 Cristiano Ronaldo
100%
A Greece 1-1 Angelos Charisteas
75%
B England 1-0 Frank Lampard
50%
B England 4-2 Frank Lampard
50%
C Sweden 2-0 Henrik Larsson
50%
C Sweden 3-0 Henrik Larsson
50%
C Sweden 1-1 Henrik Larsson
50%
C Denmark 1-0 Jon Dahl Tomasson
50%
C Denmark 1-0 Jon Dahl Tomasson
50%
C Denmark 2-1 Jon Dahl Tomasson
50%
D Germany 1-0 Michael Ballack
50%
D Czech Republic 1-1 Milan Baros
50%
D Czech Republic 2-2 Milan Baros
50%
D Czech Republic 2-1 Milan Baros
50%
B Croatia 1-0 Niko Kovac
50%
D Netherlands 1-1 Ruud van Nistelrooy
50%
D Netherlands 2-0 Ruud van Nistelrooy
50%
D Netherlands 1-0 Ruud van Nistelrooy
50%
D Netherlands 2-0 Ruud van Nistelrooy
50%
B England 3-0 Steven Gerrard
50%
B England 1-0 Wayne Rooney
50%
B England 2-0 Wayne Rooney
50%
B England 2-1 Wayne Rooney
50%
B England 3-1 Wayne Rooney
50%
B France 1-1 Zinedine Zidane
50%
B France 2-1 Zinedine Zidane
50%
B France 1-0 Zinedine Zidane
50%
A Greece 2-0 Angelos Basinas
25%
C Italy 1-0 Antonio Cassano
25%
C Italy 2-1 Antonio Cassano
25%
B France 2-2 David Trezeguet
25%
A Spain 1-0 Fernando Morientes
25%
C Sweden 1-0 Fredrik Ljungberg
25%
D Czech Republic 2-1 Jan Koller
25%
C Sweden 5-0 Marcus Allback
25%
C Bulgaria 1-0 Martin Petrov
25%
A Portugal 2-0 Rui Costa
25%
B France 2-1 Thierry Henry
25%
B France 3-1 Thierry Henry
25%
D Czech Republic 3-2 Vladimir Smicer
25%
C Sweden 4-0 Zlatan Ibrahimovic
25%
C Sweden 1-1 Zlatan Ibrahimovic
25%
B Croatia 2-1 Dado Prso
0%
A Russia 2-0 Dmitri Bulykin
0%
A Russia 1-0 Dmitri Kirichenko
0%
A Greece 1-0 Georgios Karagkounis
0%
B Croatia (OG) 1-0 Igor Tudor
0%
B Croatia 3-2 Igor Tudor
0%
C Denmark 2-0 Jesper Gronkjaer
0%
B Switzerland 1-1 Johan Volanthen
0%
A Spain 1-0 Juan Valeron
0%
A Portugal 1-0 Maniche
0%
D Czech Republic 2-1 Marek Heinz
0%
D Czech Republic 1-1 Marek Heinz
0%
D Latvia 1-0 Maris Verpakovskis
0%
B Croatia 1-1 Milan Rapaic
0%
A Portugal 1-0 Nuno Gomes
0%
C Sweden 2-2 Olof Jonsson
0%
B England 1-1 Paul Scholes
0%
D Netherlands 3-0 Rudolphus Makaay
0%
C Italy 1-1 Simone Perrotta
0%
D Germany 1-0 Torsten Frings
0%
D Netherlands 1-0 Wilfred Bouma
0%
A Greece 2-1 Zisis Vryzas
0%
No matching quizzes found
Score Distribution
Percent of People with Each Score
Percentile by Number Answered
Your Score History
You have not taken this quiz